000 00330nam a2200145Ia 4500
008 230718s9999 xx 000 0 und d
041 _aEng.
082 _a343.0949
_bPRA-T
100 _aPrasad, B.M
245 4 _aThe Code of Criminal
260 _aPakistan
_bLexis Nexis
_c2016
300 _a2321
650 _aLaw
999 _c31378
_d31378